| 000 | 00804cam a2200253 i 4500 | ||
|---|---|---|---|
| 001 | 19056256 | ||
| 005 | 20170313104957.0 | ||
| 008 | 160415s2017 nyu b 001 0 eng | ||
| 020 | _a9781138666375 (hardback : alk. paper) | ||
| 020 | _a9781138666382 (pbk. : alk. paper) | ||
| 040 | _cPK-LaUMT | ||
| 082 | 0 | 0 |
_a711.4 _223 _bLEV-C |
| 100 | 1 | _aLevy, John M. | |
| 245 | 1 | 0 |
_aContemporary urban planning / _cJohn M. Levy |
| 250 | _a11th ed. | ||
| 260 |
_aNew York : _bRoutledge, _c2017 |
||
| 300 |
_axii, 464 p. ; _c24 cm |
||
| 500 | _aRevised edition of the author's Contemporary urban planning, 2013. | ||
| 650 | 0 |
_aCity planning _zUnited States. |
|
| 650 | 0 |
_aUrban policy _zUnited States. |
|
| 650 | 0 |
_aUrbanization _zUnited States. |
|
| 650 | 0 |
_aSociology, Urban _zUnited States. |
|
| 942 | _cBK | ||
| 999 |
_c91666 _d91666 |
||